Linguistics

שמור ב:
מידע ביבליוגרפי
מחבר ראשי: Hill, Archibald A (Author)
פורמט: ספר
שפה:אנגלית
יצא לאור: Washington, D.C Voice of American Forum Lectures 1969
נושאים:
תגים: הוספת תג
אין תגיות, היה/י הראשונ/ה לתייג את הרשומה!

MARC

LEADER 00000nam a2200000 a 4500
001 UCI0301
003 CL-VaPUC
008 070504e19690000US |||||||||||||||||eng|d
082 0 4 |a 428  |b HIL  |2 21 
100 |a Hill, Archibald A  |e author  |9 520464 
245 1 0 |a Linguistics 
300 |a 317 p 
942 |c BK 
945 |d 20070504 00:00:00  |a jtorresc 
260 |a Washington, D.C  |b Voice of American Forum Lectures  |c 1969 
650 0 |a Lingüística  |9 265068 
583 |a last modification  |c 20130304 04:59:01  |k Rodrigo Vera 
999 |c 325538  |d 325536 
952 |0 0  |1 0  |4 0  |6 428_000000000000000_HIL_1969  |7 0  |8 A  |9 406522  |a FDOPOS  |b FDOPOS  |d 2019-11-22  |i 4271424  |o 428 HIL 1969  |p 4271424  |r 2025-01-22  |w 2019-11-22  |y BK  |k MLA 
952 |0 0  |1 0  |4 0  |6 428_000000000000000_HIL_1969  |7 0  |8 A  |9 406523  |a FDOPOS  |b FDOPOS  |d 2019-11-22  |i 4360699  |o 428 HIL 1969  |p 4360699  |r 2025-01-22  |w 2019-11-22  |y BK  |k MLA